LDR 00834naa#a2200181#i#450# 001 RU\\bibl\120473 005 20260426084959.7 011 ## _a2782-4586 100 ## _a20260331b2026####ek#y0rusy0150####ca 102 ## _aRU 200 1# _aКачественные и количественные методы исследования социальной удовлетворенности населения _eЖурнальная статья 210 1# _aМосква _cУниверситет ИТБО _d2026 215 ## _a4 с. 608 ## _aЖурнальная статья _2local 675 ## _aЭкономические науки в целом. Политическая экономия. 330 _z 700 #1 _aКорнилова _gЕкатерина Васильевна 700 #1 _aКустова _gМарина Николаевна 856 4# _ajomeam.ru _u